000 00542nam a2200205Ia 4500
003 OSt
005 20220926050022.0
006 a|||||r|||| 00| 0
007 ta
008 220923b |||||||| |||| 00| 0 eng d
037 _cGeneral Book
040 _aRTL
_cRTL
_beng
041 _2eng
_aeng
082 _aX655.20k42.N9, N3/TD1
100 _aSWAMY S A
_9308484
245 0 _aTrade and industry in Japan
260 _c1993
942 _hX655.20k42.N9, N3/TD1
_cGB
_2CC
999 _c679273
_d679273